Vývoj nominálnej konvergencie ako neoddelitelnej súčasti konvergencie reálnej v podmienkach Slovenskej ekonomiky

Krajiny musia pred svojím vstupom do Európskej únie plniť určitý stupeň konvergencie, t. j. dosahovať nominálne konvergenčné kritériá, označované aj ako Maastrichtské kritériá. Charakteristika a plnenie jednotlivých kritérií.

Salvato in:
Dettagli Bibliografici
Autore principale: Chandoga, Roman
Natura: Capitolo di libro
Lingua:slovacco
Soggetti:
Tags: Aggiungi Tag
Nessun Tag, puoi essere il primo ad aggiungerne!!

MARC

LEADER 00000nla$a2200000$$$4500
001 0120310
005 20240502072340.8
041 0 |a slo 
044 |a SK 
245 1 0 |a Vývoj nominálnej konvergencie ako neoddelitelnej súčasti konvergencie reálnej v podmienkach Slovenskej ekonomiky  |c Roman Chandoga 
520 |a Krajiny musia pred svojím vstupom do Európskej únie plniť určitý stupeň konvergencie, t. j. dosahovať nominálne konvergenčné kritériá, označované aj ako Maastrichtské kritériá. Charakteristika a plnenie jednotlivých kritérií. 
610 2 0 |a konvergencia 
610 2 0 |a Slovensko 
610 2 0 |a Európska únia 
610 2 0 |a stabilita cien 
610 2 0 |a politika menová 
610 2 0 |a miera inflácie 
610 2 0 |a kurz menový 
610 2 0 |a financie verejné 
100 1 |a Chandoga, Roman